000 01302nam a22003257a 4500
005 20150624095427.0
008 150610b2012 ck ||||| |||| 00| 0 spa d
020 _a9789942115492
040 _aCo-BoIAVH
_cCo-BoIAVH
041 0 _aspa
044 _ack
082 4 _a551.48
_bL791e
100 1 _aLlambí, Luis Daniel
245 1 _aEcología, hidrología y suelos de páramos/
_cLlambí, Luis Daniel
260 3 _aColombia:
_bCondensan,
_c2012.
300 _a283 p.
_bcol., il., graf., tab.
_c30 cm.
500 _aProyecto Páramo Andino- Paramos Andinos. Incluye Glosario.
504 _aBibliografía: p. 274-283
505 _aUn. 1: Ecología de parámos -- Un. 2 Hidrología -- Un. 3 Suelos.
520 _aSe presentan los primeros cuatro módulos de la colección Páramo Andino que contienen las reflexiones y discusiones sobre la ecología y manejo sustentable del ecosistema en la región Andina.
650 _aPáramos
_zAmérica del Sur
650 _aHidrología
_zAmérica del Sur
650 _aSuelo de tierras húmedas
_zAmérica del Sur
700 1 _aSoto, Alejandra
700 1 _aCélleri, Rolando
700 1 _a De Bievre, Bert
700 1 _aOchoa, Boris
700 1 _aBorja, Pablo
942 _2ddc
_cLIBRO
999 _c17459
_d17459